LEADER 05139nam 2200637 a 450 001 9911019502203321 005 20200520144314.0 010 $a1-283-30241-1 010 $a9786613302410 010 $a3-527-63232-8 010 $a3-527-63231-X 035 $a(CKB)3400000000000389 035 $a(EBL)700901 035 $a(SSID)ssj0000506303 035 $a(PQKBManifestationID)11332873 035 $a(PQKBTitleCode)TC0000506303 035 $a(PQKBWorkID)10512908 035 $a(PQKB)11014415 035 $a(MiAaPQ)EBC700901 035 $a(OCoLC)689995834 035 $a(EXLCZ)993400000000000389 100 $a20110902d2011 uy 0 101 0 $aeng 135 $aur|n|---||||| 181 $ctxt 182 $cc 183 $acr 200 00$aAdvanced computational materials modeling $efrom classical to multi-scale techniques /$fedited by Miguel Vaz Junior, Eduardo A. de Souza Neto, and Pablo A. Munoz-Rojas 205 $a4th ed. 210 $aWeinheim, Germany $cWiley-VCH$dc2011 215 $a1 online resource (452 p.) 300 $aDescription based upon print version of record. 311 $a3-527-32479-8 320 $aIncludes bibliographical references and index. 327 $aAdvanced Computational Materials Modeling: From Classical to Multi-Scale Techniques; Contents; Preface; List of Contributors; 1 Materials Modeling - Challenges and Perspectives; 1.1 Introduction; 1.2 Modeling Challenges and Perspectives; 1.2.1 Mechanical Degradation and Failure of Ductile Materials; 1.2.1.1 Remarks; 1.2.2 Modeling of Cellular Structures; 1.2.2.1 Remarks; 1.2.3 Multiscale Constitutive Modeling; 1.3 Concluding Remarks; Acknowledgments; References; 2 Local and Nonlocal Modeling of Ductile Damage; 2.1 Introduction; 2.2 Continuum Damage Mechanics; 2.2.1 Basic Concepts of CDM 327 $a2.2.2 Ductile Plastic Damage2.3 Lemaitre's Ductile Damage Model; 2.3.1 Original Model; 2.3.1.1 The Elastic State Potential; 2.3.1.2 The Plastic State Potential; 2.3.1.3 The Dissipation Potential; 2.3.1.4 Evolution of Internal Variables; 2.3.2 Principle of Maximum Inelastic Dissipation; 2.3.3 Assumptions Behind Lemaitre's Model; 2.4 Modified Local Damage Models; 2.4.1 Lemaitre's Simplified Damage Model; 2.4.1.1 Constitutive Model; 2.4.1.2 Numerical Implementation; 2.4.2 Damage Model with Crack Closure Effect; 2.4.2.1 Constitutive Model; 2.4.2.2 Numerical Implementation 327 $a2.5 Nonlocal Formulations2.5.1 Aspects of Nonlocal Averaging; 2.5.1.1 The Averaging Operator; 2.5.1.2 Weight Functions; 2.5.2 Classical Nonlocal Models of Integral Type; 2.5.2.1 Nonlocal Formulations for Lemaitre's Simplified Model; 2.5.3 Numerical Implementation of Nonlocal Integral Models; 2.5.3.1 Numerical Evaluation of the Averaging Integral; 2.5.3.2 Global Version of the Elastic Predictor/Return Mapping Algorithm; 2.6 Numerical Analysis; 2.6.1 Axisymmetric Analysis of a Notched Specimen; 2.6.2 Flat Grooved Plate in Plane Strain; 2.6.3 Upsetting of a Tapered Specimen 327 $a2.6.3.1 Damage Prediction Using the Lemaitre's Simplified Model2.6.3.2 Damage Prediction Using the Lemaitre's Model with Crack Closure Effect; 2.7 Concluding Remarks; Acknowledgments; References; 3 Recent Advances in the Prediction of the Thermal Properties of Metallic Hollow Sphere Structures; 3.1 Introduction; 3.2 Methodology; 3.2.1 Lattice Monte Carlo Method; 3.2.2 Finite Element Method; 3.2.2.1 Basics of Heat Transfer; 3.2.2.2 Weighted Residual Method; 3.2.2.3 Discretization and Principal Finite Element Equation; 3.2.3 Numerical Calculation Models 327 $a3.3 Finite Element Analysis on Regular Structures3.4 Finite Element Analysis on Cubic-Symmetric Models; 3.5 LMC Analysis of Models of Cross Sections; 3.5.1 Modeling; 3.5.2 Results; 3.6 Computed Tomography Reconstructions; 3.6.1 Computed Tomography; 3.6.2 Numerical Analysis; 3.6.2.1 Microstructure; 3.6.2.2 Mesostructure; 3.6.3 Results; 3.7 Conclusions; References; 4 Computational Homogenization for Localization and Damage; 4.1 Introduction; 4.1.1 Mechanics Across the Scales; 4.1.2 Some Historical Notes on Homogenization; 4.1.3 Separation of Scales 327 $a4.1.4 Computational Homogenization and Its Application to Damage and Fracture 330 $aWith its discussion of strategies for modeling complex materials using new numerical techniques, mainly those based on the finite element method, this monograph covers a range of topics including computational plasticity, multi-scale formulations, optimization and parameter identification, damage mechanics and nonlinear finite elements. 606 $aMaterials$xMathematical models 606 $aFinite element method 615 0$aMaterials$xMathematical models. 615 0$aFinite element method. 676 $a620.11015118 701 $aVaz Junior$b Miguel$01842777 701 $aNeto$b E. A. de Souza$g(Eduardo)$0471855 701 $aMunoz-Rojas$b Pablo A$01842778 801 0$bMiAaPQ 801 1$bMiAaPQ 801 2$bMiAaPQ 906 $aBOOK 912 $a9911019502203321 996 $aAdvanced computational materials modeling$94422997 997 $aUNINA LEADER 04171nam 2200805Ia 450 001 9910814135103321 005 20250322110042.0 010 $a9780814772256 010 $a0814772250 010 $a9780814772904 010 $a0814772900 010 $a9781441636614 010 $a1441636617 024 7 $a10.18574/9780814772904 035 $a(CKB)2520000000007934 035 $a(EBL)865881 035 $a(OCoLC)779828280 035 $a(SSID)ssj0000340678 035 $a(PQKBManifestationID)11947681 035 $a(PQKBTitleCode)TC0000340678 035 $a(PQKBWorkID)10408069 035 $a(PQKB)10392900 035 $a(StDuBDS)EDZ0001326152 035 $a(MiAaPQ)EBC865881 035 $a(OCoLC)558991451 035 $a(MdBmJHUP)muse10433 035 $a(DE-B1597)547491 035 $a(DE-B1597)9780814772904 035 $a(Au-PeEL)EBL865881 035 $a(CaPaEBR)ebr10356703 035 $a(Perlego)720418 035 $a(ODN)ODN0002923376 035 $a(EXLCZ)992520000000007934 100 $a20090722d2010 uy 0 101 0 $aeng 135 $aur|n|---||||| 181 $ctxt 182 $cc 183 $acr 200 10$aMusical imagiNation $eU.S.-Colombian identity and the Latin music boom /$fMaria Elena Cepeda 205 $a1st ed. 210 $aNew York $cNew York University Press$d2010 210 1$aNew York, NY : $cNew York University Press, $d[2010] 210 4$d©2010 215 $a1 online resource (268 p.) 300 $aDescription based upon print version of record. 311 08$a0-8147-1691-1 311 08$a0-8147-1692-X 320 $aIncludes bibliographical references and index. 327 $tFrontmatter -- $tContents -- $tAcknowledgments -- $tIntroduction -- $t1 La crisis colombiana -- $t2 A Miami Sound Machine -- $t3 Shakira as the Idealized Transnational Citizen -- $t4 Florecita rockera -- $t5 The Colombian Vallenato acá y allá -- $t6 The Colombian Transcultural Aesthetic Recipe -- $tAfterword -- $tNotes -- $tReferences -- $tDiscography -- $tIndex -- $tAbout the Author 330 $aLong associated with the pejorative clichés of the drug-trafficking trade and political violence, contemporary Colombia has been unfairly stigmatized. In this pioneering study of the Miami music industry and Miami?s growing Colombian community, María Elena Cepeda boldly asserts that popular music provides an alternative common space for imagining and enacting Colombian identity. Using an interdisciplinary analysis of popular media, music, and music video, Cepeda teases out issues of gender, sexuality, race, ethnicity, and transnational identity in the Latino/a music industry and among its most renowned rock en español, pop, and vallenato stars.Musical ImagiNation provides an overview of the ongoing Colombian political and economic crisis and the dynamics of Colombian immigration to metropolitan Miami. More notably, placed in this context, the book discusses the creative work and media personas of talented Colombian artists Shakira, Andrea Echeverri of Aterciopelados, and Carlos Vives. In her examination of the transnational figures and music that illuminate the recent shifts in the meanings attached to Colombian identity both in the United States and Latin America, Cepeda argues that music is a powerful arbitrator of memory and transnational identity. 606 $aMusic$xSocial aspects$zUnited States$xHistory$y20th century 606 $aPopular music$zFlorida$zMiami$xHistory and criticism 606 $aPopular music$zColombia$xHistory and criticism 606 $aMusic trade$zFlorida$zMiami 606 $aIdentity (Psychology) and mass media 615 0$aMusic$xSocial aspects$xHistory 615 0$aPopular music$xHistory and criticism. 615 0$aPopular music$xHistory and criticism. 615 0$aMusic trade 615 0$aIdentity (Psychology) and mass media. 676 $a781.64089/68861075938 700 $aCepeda$b Mari?a Elena$01089728 801 0$bMiAaPQ 801 1$bMiAaPQ 801 2$bMiAaPQ 906 $aBOOK 912 $a9910814135103321 996 $aMusical imagiNation$93985846 997 $aUNINA